Análisis de la expresión plástica del preescolar
Bewaard in:
| Hoofdauteur: | |
|---|---|
| Formaat: | Boek |
| Taal: | Spaans |
| Gepubliceerd in: |
Madrid
Cincel
1979
|
| Reeks: | Biblioteca de Psicología y Educación, 1
|
| Onderwerpen: | |
| Tags: |
Voeg label toe
Geen labels, Wees de eerste die dit record labelt!
|
MARC
| LEADER | 00000nam a2200000 a 4500 | ||
|---|---|---|---|
| 001 | UCW4618 | ||
| 003 | CL-VaPUC | ||
| 008 | 900607e19790000SP |||||||||||||||||spa|d | ||
| 020 | |a 8470460781 | ||
| 082 | 0 | 4 | |a 372.52 |b KEL |2 21 |
| 100 | |a Kellogg, Rhoda |e author |9 351303 | ||
| 245 | 1 | 0 | |a Análisis de la expresión plástica del preescolar |
| 300 | |a 308 p | ||
| 942 | |c BK | ||
| 945 | |d 19900607 00:00:00 | ||
| 260 | |a Madrid |b Cincel |c 1979 | ||
| 650 | 0 | |a Dibujo infantil |9 309390 | |
| 650 | 0 | |a Psicología del niño |9 307305 | |
| 650 | 0 | |a Educación preescolar |9 260381 | |
| 583 | |a last modification |c 20130106 10:48:10 |k Rodrigo Vera | ||
| 490 | 0 | |a Biblioteca de Psicología y Educación, 1 | |
| 999 | |c 218293 |d 218291 | ||
| 952 | |0 0 |1 0 |4 0 |6 372_520000000000000_KEL_1979 |7 0 |8 A |9 207580 |a BIBEDU |b BIBEDU |d 2019-11-15 |i 2753804 |o 372.52 KEL 1979 |p 2753804 |r 2019-11-15 |w 2019-11-15 |y BK |k EDU | ||
| 952 | |0 0 |1 0 |4 0 |6 372_520000000000000_KEL_1979 |7 0 |8 A |9 207581 |a BIBEDU |b BIBEDU |d 2019-11-15 |i 2753812 |o 372.52 KEL 1979 |p 2753812 |r 2019-11-15 |w 2019-11-15 |y BK |k EDU | ||
| 952 | |0 0 |1 0 |4 0 |6 372_520000000000000_KEL_1979 |7 0 |8 A |9 207582 |a BIBEDU |b BIBEDU |d 2019-11-15 |i 2753820 |o 372.52 KEL 1979 |p 2753820 |r 2019-11-15 |w 2019-11-15 |y BK |k EDU | ||
| 952 | |0 0 |1 0 |4 0 |6 372_520000000000000_KEL_1979 |7 0 |8 A |9 207583 |a BIBEDU |b BIBEDU |d 2019-11-15 |i 2753839 |o 372.52 KEL 1979 |p 2753839 |r 2019-11-15 |w 2019-11-15 |y BK |k EDU | ||
| 952 | |0 0 |1 0 |4 0 |6 372_520000000000000_KEL_1979 |7 0 |8 A |9 207584 |a BIBEDU |b BIBEDU |d 2019-11-15 |i 2753847 |o 372.52 KEL 1979 |p 2753847 |r 2019-11-15 |w 2019-11-15 |y BK |k EDU | ||
| 952 | |0 0 |1 0 |4 0 |6 372_520000000000000_KEL_1979 |7 0 |8 A |9 207585 |a BIBEDU |b BIBEDU |d 2019-11-15 |i 3932397 |o 372.52 KEL 1979 |p 3932397 |r 2019-11-15 |w 2019-11-15 |y BK |k EPE | ||
| 952 | |0 0 |1 0 |4 0 |6 372_520000000000000_KEL_1979 |7 0 |8 A |9 207586 |a BIBEDU |b BIBEDU |d 2019-11-15 |i 4031113 |o 372.52 KEL 1979 |p 4031113 |r 2019-11-15 |w 2019-11-15 |y BK |k PAR | ||